000 00590nam a2200241Ia 4500
005 20250425162340.0
008 250425s9999 xx 000 0 und d
020 _a8420550361
041 _aspa
043 _asp
082 _a658.15
100 _aJIMENEZ DE LA RIVA, ALICIA
245 0 _a25 ESTRATEGIAS PARA GANAR EN BOLSA
250 _aS.E.
260 _aEspaƱa
_bPEARSON PRENTICE HALL
_c2008
260 _aMADRID
_bPEARSON PRENTICE HALL
300 _a198
650 _aINVERSIONES
650 _aRENTABILIDAD
710 _aPRENTICE-HALL
942 _c01
010 _a64591
999 _c227402
_d227402